| 000 | 01634cam a2200337 i 4500 | ||
|---|---|---|---|
| 001 | 18921562 | ||
| 003 | OSt | ||
| 005 | 20260319141704.0 | ||
| 008 | 151231s2016 ilu b 001 0 eng | ||
| 010 | _a 2015050890 | ||
| 020 |
_a9780830851270 _qpbk. : alk. paper |
||
| 035 | _a18921562 | ||
| 040 |
_aDLC _beng _cDLC _erda _dDLC |
||
| 042 | _apcc | ||
| 050 | 0 | 0 |
_aBT198 _b.P365 2016 |
| 082 | 0 | 0 |
_a232.09/015 _223 |
| 100 | 1 |
_aPapandrea, James L., _d1963- _eauthor. |
|
| 245 | 1 | 4 |
_aThe earliest Christologies : _bfive images of Christ in the postapostolic age / _cJames L. Papandrea. |
| 264 | 1 |
_aDowners Grove, Illinois : _bIVP Academic, an imprint of InterVarsity Press, _c[2016] |
|
| 300 |
_a132 pages ; _c23 cm |
||
| 336 |
_atext _btxt _2rdacontent |
||
| 337 |
_aunmediated _bn _2rdamedia |
||
| 338 |
_avolume _bnc _2rdacarrier |
||
| 500 | _aIncludes bibliographical references and indexes. | ||
| 505 | 0 | _aFive images of Christ in the postapostolic age -- Christ as angel: angel adoptionism -- Christ as prophet: spirit adoptionism -- Christ as phantom: docetism and docetic gnosticism -- Christ as cosmic mind: hybrid gnosticism -- Christ as word: logos Christology -- What, then, is orthodoxy? | |
| 600 | 0 | 0 |
_aJesus Christ _xHistory of doctrines _yEarly church, ca. 30-600. |
| 776 | 0 | 8 |
_iOnline version: _aPapandrea, James L., 1963- author. _tEarliest Christologies _dDowners Grove : InterVarsity Press, 2016 _z9780830899722 _w(DLC) 2016001644 |
| 906 |
_a7 _bcbc _corignew _d1 _eecip _f20 _gy-gencatlg |
||
| 942 |
_2lcc _cBK |
||
| 999 |
_c21572 _d21571 |
||